000 00387nam a2200157Ia 4500
008 220803s9999 xx 000 0 und d
020 _a1-85230-391-3
041 _aeng
082 _a720 MAN
100 _aMann A T
_910369
245 _aSacred Architecture
260 _aNew York
_bElement Pub.
_c1993
300 _a192p
500 _aArchitecture
650 _aArchitectural Design
_910370
999 _c8924
_d8924